000 00604cam a22002053a 4500
001 36561
003 PGUSA
005 20140828083806.0
008 110630s2011||||xxu|||||s|||||000 | eng d
040 _aPGUSA
_beng
042 _adc
100 1 _aTrollope, Frances Milton,
_d1780-1863
245 1 4 _aThe Widow Barnaby :
_bVol. I (of 3)
_h[electronic resource] /
_cFrances Milton Trollope
260 _bProject Gutenberg,
_c2011
506 _aPublic domain in the USA.
516 _aElectronic text
830 0 _aProject Gutenberg
_v36561
856 4 0 _uhttp://www.gutenberg.org/ebooks/36561
942 _cEB
999 _c265816
_d265816